| 000 | 01036nam a22002657a 4500 | ||
|---|---|---|---|
| 008 | 081125t xxu||||| |||| 00| 0 eng d | ||
| 010 | _aENG-91817 | ||
| 020 |
_a9798184243062 _c450.00 |
||
| 020 |
_a8184243065 _c450.00 |
||
| 035 | _aEN-75350 | ||
| 037 | _bDBAD / PUB | ||
| 040 |
_adpl _bEnglish |
||
| 082 | _a621.59 | ||
| 100 | _aSrinivasan, R. | ||
| 245 |
_aCryogenics and measurement of properties of solids at low temperatures / _cby R. Srinivasan , A.K. Raychaudhuri (and) S. Kasthurirengan |
||
| 260 |
_aNew Delhi _bAllied Publishers _c(200?) |
||
| 270 |
_a1/13-14, Asaf Ali Road, _bNew Delhi _e110002 |
||
| 300 |
_aix, 222p.: _c25cm (Hb) _bill |
||
| 500 | _aIncludes index | ||
| 650 | _aLow temperature engineering | ||
| 700 | _aRaychaudhuri, A.K. | ||
| 700 | _aKasthurirengan, S. | ||
| 942 |
_2ddc _cEN _mSRI _h621.59 |
||
| 999 |
_c19101 _d19101 |
||